[Event "ch-USA GpA"]
[Site "San Diego USA"]
[Date "2006.03.02"]
[Round "1"]
[White "Kraai,J"]
[Black "Zenyuk,I"]
[Result "1-0"]
[WhiteElo "2443"]
[BlackElo "2194"]

1.Nf3 Nf6 2.c4 g6 3.Nc3 Bg7 4.e4 d6 5.d4 O-O 6.Be2 e5 7.dxe5 dxe5 8.Qxd8 Rxd8
9.Bg5 Rf8 10.Nxe5 Nxe4 11.Nxe4 Bxe5 12.O-O-O Nc6 13.Rhe1 Be6 14.Nc5 Rfe8
15.Nxe6 Rxe6 16.Bg4 Rd6 17.Rd5 Rxd5 18.cxd5 Nb4 19.Kb1 Nd3 20.Re2 Bd6 21.g3 Kg7
22.Be3 Bc5 23.Bxc5 Nxc5 24.Re7 c6 25.dxc6 bxc6 26.Kc2 a5 27.Be2 Kf8 28.Re3 Rb8
29.Re5 Ne6 30.Bc4 Nd4+ 31.Kc3 Nb5+ 32.Bxb5 cxb5 33.Kd4 a4 34.b4 Kg7 35.a3 Kf6
36.f4 Rd8+ 37.Rd5 Rb8 38.Kc5 Ke7 39.Rd6 Rc8+ 40.Rc6 Rd8 41.Kxb5 Rd2 42.Kxa4 Rxh2
43.b5 Rb2 44.Rc3  1-0

[Event "ch-USA GpB"]
[Site "San Diego USA"]
[Date "2006.03.05"]
[Round "3"]
[White "Muhammad,S"]
[Black "Fishbein,A"]
[Result "0-1"]
[WhiteElo "2377"]
[BlackElo "2519"]

1.d4 Nf6 2.c4 g6 3.Nc3 Bg7 4.e4 d6 5.Nf3 O-O 6.Be2 e5 7.O-O Nbd7 8.Be3 c6
9.d5 c5 10.a3 Qe7 11.Re1 h6 12.Nd2 Ne8 13.Bd3 f5 14.exf5 gxf5 15.f4 Qf7 16.Be2 a6
17.Nf1 Nef6 18.Ng3 Qg6 19.Rc1 Kh8 20.Rc2 e4 21.Nh1 Rg8 22.Nf2 Bf8 23.g3 h5
24.Nh3 Ng4 25.Bxg4 hxg4 26.Ng5 Be7 27.h4 gxh3 28.Rh2 Bxg5 29.fxg5 Qh7 30.Bf4 Ne5
31.Bxe5+ dxe5 32.Ree2 Rxg5 33.Rxh3 Qxh3 34.Rh2 Rxg3+ 35.Kh1 Qxh2+ 36.Kxh2 Rg7
37.Qb3 Bd7 38.Qb6 Bc6 39.Ne2 Rag8 40.Ng1 Rg2+ 41.Kh3 Rxg1  0-1

[Event "70th ch-BUL"]
[Site "Svilengrad BUL"]
[Date "2006.03.06"]
[Round "8"]
[White "Petkov,V"]
[Black "Bojkov,D"]
[Result "1-0"]
[WhiteElo "2512"]
[BlackElo "2475"]

1.d4 Nf6 2.c4 g6 3.Nc3 Bg7 4.e4 d6 5.Nf3 O-O 6.Be2 Na6 7.O-O e5 8.Be3 Ng4
9.Bg5 Qe8 10.dxe5 dxe5 11.h3 h6 12.Bd2 Nf6 13.Be3 Qe7 14.a3 c6 15.b4 Nh5
16.Re1 Nf4 17.Bf1 Qf6 18.Ra2 Rd8 19.Rd2 Be6 20.Kh2 Rxd2 21.Nxd2 Rd8 22.b5 Nc7
23.bxc6 bxc6 24.Qa4 Nxh3 25.gxh3 Rxd2 26.Qxa7 Rc2 27.Qb8+ Kh7 28.Nd1 Bxc4
29.Qb1 Bxf1 30.Qxc2 Ba6 31.a4 Qe6 32.f3 Qd7 33.Nf2 Ne6 34.Rc1 c5 35.Bxc5 Nxc5
36.Qxc5 Qxa4 37.Qd5 Qa3 38.Rc7 Qe3 39.Kg2 Qe2 40.Qd1 Qa2 41.Qc2 Qxc2 42.Rxc2 f5
43.Rc7 Bb5 44.Rc5 Be2 45.Rc6 Bb5 46.Rd6 Bc4 47.Nd1 fxe4 48.fxe4 Bf8 49.Rd7+ Kg8
50.Ne3 Be6 51.Rc7 h5 52.Nc4 Bxc4 53.Rxc4 Kf7 54.Rc6 Bh6 55.Kf3 Bf4 56.Ke2 Kg7
57.Kd3 g5 58.Kc4 h4 59.Kd5 g4 60.hxg4 h3 61.Rc3 h2 62.Rh3 Kg6 63.Rh5 Kf6
64.Kc4 Ke6 65.Kd3 Kd6 66.Ke2 Kc5 67.Kf3 Kd4 68.Rh7 Kd3 69.Rd7+ Kc4 70.Kg2 Kc5
71.g5 Bxg5 72.Kxh2 Kc6 73.Rd5  1-0

[Event "XXII Open"]
[Site "Reykjavik ISL"]
[Date "2006.03.07"]
[Round "2"]
[White "Olafsson,D"]
[Black "Danielsen,Hen"]
[Result "0-1"]
[WhiteElo "2319"]
[BlackElo "2520"]

1.e4 g6 2.d4 Bg7 3.Nf3 d6 4.c4 Nf6 5.Nc3 O-O 6.Be2 e5 7.dxe5 dxe5 8.Bg5 Na6
9.Qxd8 Rxd8 10.Nd5 Rd6 11.Bxf6 Bxf6 12.b4 c6 13.Nxf6+ Rxf6 14.a3 Bg4 15.Rd1 Re8
16.h3 Bxf3 17.Bxf3 Rfe6 18.Be2 c5 19.b5 Nc7 20.h4 R6e7 21.Bg4 h5 22.Bh3 Na8
23.Kd2 Rd8+ 24.Kc2 Rd4 25.Rxd4 exd4 26.f3 Nb6 27.Kb3 a5 28.bxa6 bxa6 29.Rb1 a5
30.a4 f5 31.Ka2 fxe4 32.fxe4 Nxa4 33.Rb8+ Kf7 34.Rc8 Nc3+ 35.Ka3 d3  0-1

[Event "XXII Open"]
[Site "Reykjavik ISL"]
[Date "2006.03.07"]
[Round "2"]
[White "Akesson,R"]
[Black "Ziska,H"]
[Result "1/2-1/2"]
[WhiteElo "2494"]
[BlackElo "2286"]

1.Nf3 Nf6 2.c4 g6 3.Nc3 Bg7 4.e4 d6 5.d4 O-O 6.Be2 e5 7.Be3 Na6 8.O-O Ng4
9.Bg5 Qe8 10.dxe5 dxe5 11.h3 f6 12.Bd2 Nh6 13.c5 Nxc5 14.Qc1 Nf7 15.Nd5 Ne6
16.Nxc7 Nxc7 17.Qxc7 Nd8 18.Rfc1 Be6 19.b4 Rf7 20.Qc2 Bf8 21.Qb2 Bd6 22.a4 Rc7
23.Rxc7 Bxc7 24.Be3 Bb6 25.Bb5 Qe7 26.Bxb6 axb6 27.Rc1 Nf7  1/2-1/2

[Event "70th ch-BUL"]
[Site "Svilengrad BUL"]
[Date "2006.03.07"]
[Round "10"]
[White "Iotov,V"]
[Black "Bojkov,D"]
[Result "1-0"]
[WhiteElo "2420"]
[BlackElo "2475"]

1.d4 Nf6 2.c4 g6 3.Nc3 Bg7 4.e4 d6 5.Nf3 O-O 6.Be2 Na6 7.O-O e5 8.Be3 exd4
9.Nxd4 Re8 10.f3 c6 11.Kh1 Nc7 12.Qd2 d5 13.exd5 cxd5 14.c5 Ne6 15.Nxe6 fxe6
16.Nb5 Bf8 17.Bg5 Be7 18.Rac1 Rf8 19.Qd4 Ne8 20.Bxe7 Qxe7 21.Qe5 Qg7 22.f4 Bd7
23.Nd4 Rc8 24.b4 Qxe5 25.fxe5 Rxf1+ 26.Bxf1 a6 27.Kg1 Kf7 28.Kf2 Ke7 29.Ke3 Nc7
30.c6 bxc6 31.Nxc6+ Bxc6 32.Rxc6 Kd7 33.Rd6+ Ke7 34.Bxa6 Nxa6 35.Rxa6 Rc4
36.b5 Re4+ 37.Kd3 Rxe5 38.a4 Re1 39.a5 Rb1 40.Rb6 Kd7 41.a6 Ra1 42.Rb7+ Kc8
43.Rxh7 e5 44.a7  1-0

[Event "Victor Ciocaltea Mem"]
[Site "Bucharest ROM"]
[Date "2006.03.09"]
[Round "2"]
[White "Golubev,M"]
[Black "Carmaciu,L"]
[Result "0-1"]
[WhiteElo "2499"]
[BlackElo "2400"]

1.e4 g6 2.d4 Bg7 3.c4 d6 4.Nc3 Nf6 5.Nf3 O-O 6.Be2 e5 7.Be3 Ng4 8.Bg5 f6
9.Bh4 Nc6 10.d5 Ne7 11.Nd2 Nh6 12.f3 c5 13.dxc6 bxc6 14.b4 Be6 15.Nb3 d5
16.O-O d4 17.Na4 g5 18.Nac5 Bc8 19.Bg3 f5 20.Na5 f4 21.Be1 Rf6 22.Nd3 Rg6
23.g4 fxg3 24.Bxg3 Nf7 25.Kh1 Re6 26.Qa4 Qe8 27.Rab1 Ng6 28.b5 cxb5 29.cxb5 Nf4
30.Bxf4 gxf4 31.Rg1 Rh6 32.Nc6 Bd7 33.Rbc1 a6 34.Qc4 Be6 35.Qb4 axb5 36.Ne7+ Kh8
37.Rxg7 Kxg7 38.Rg1+ Kf6 39.Ng8+ Qxg8 40.Rxg8 Rxg8 41.Nf2 Rhg6 42.Ng4+ Kg7
43.Qxb5 Kh8 44.Qb1 h5 45.Nf2 Bxa2 46.Qa1 Be6 47.Qf1 Nd6 48.h4 Nc4 49.Bxc4 Rg1+
50.Qxg1 Rxg1+ 51.Kxg1 Bxc4 52.Nd1 d3 53.Kf2 d2  0-1

[Event "XXII Open"]
[Site "Reykjavik ISL"]
[Date "2006.03.10"]
[Round "5"]
[White "Danielsen,Hen"]
[Black "Hamdouchi,H"]
[Result "0-1"]
[WhiteElo "2520"]
[BlackElo "2575"]

1.Nf3 Nf6 2.c4 g6 3.Nc3 Bg7 4.e4 d6 5.d4 O-O 6.Be2 Na6 7.O-O e5 8.Be3 Ng4
9.Bg5 Qe8 10.h3 h6 11.Bc1 Nf6 12.dxe5 dxe5 13.Be3 Qe7 14.Nd5 Qd8 15.Nxf6+ Qxf6
16.c5 Nb8 17.Qb3 Nc6 18.Rfd1 Rb8 19.Rd2 Be6 20.Qa4 a6 21.Rad1 Kh7 22.Kh2 Rbe8
23.a3 Bc8 24.b4 Qe6 25.b5 axb5 26.Bxb5 f5 27.exf5 gxf5 28.Qh4 Qg6 29.Rd7 Bxd7
30.Rxd7 Kh8 31.Rxc7 f4 32.Bc1 e4 33.Ne1 Bf6 34.Qg4 Qxg4 35.hxg4 Re7 36.Bxc6 Rxc7
37.Bxe4 Rxc5 38.Nd3 Rxc1 39.Nxc1 b6 40.Nd3 Rc8 41.Nb4 Bd4 42.Nd3 Rc3 43.f3 Rxa3
44.g3 fxg3+ 45.Kxg3 Kg7 46.Kf4 Kf6 47.Bf5 b5 48.Ke4 Bc3 49.Kd5 Bd2  0-1

[Event "XXII Open"]
[Site "Reykjavik ISL"]
[Date "2006.03.10"]
[Round "5"]
[White "Halldorsson,J"]
[Black "Omarsson,D"]
[Result "1/2-1/2"]
[WhiteElo "2145"]
[BlackElo "1714"]

1.d4 Nf6 2.Nf3 g6 3.c4 Bg7 4.Nc3 O-O 5.e4 d6 6.Be2 e5 7.Be3 h6 8.Nd2 Nc6
9.d5 Nd4 10.Nb3 Nxe2 11.Qxe2 Ng4 12.Bd2 f5 13.f3 Nf6 14.O-O-O fxe4 15.Nxe4 Nxe4
16.Qxe4 Bf5 17.Qe2 e4 18.f4 e3 19.Bxe3 Re8 20.Qd2 Re4 21.Nd4 Qf6 22.h3 h5
23.Rhe1 Rae8 24.Bf2 c5 25.dxc6 bxc6 26.Nxf5 Rxc4+ 27.Kb1 Qxf5+ 28.Qd3 Rxe1
29.Bxe1 Rd4 30.Qxf5 Rxd1+ 31.Kc2 gxf5 32.Kxd1 Bxb2 33.Bf2 a6 34.Kc2 Bf6 35.Kb3 Kf7
36.Kb4 Ke6 37.Ka5 c5 38.Kxa6 c4 39.Kb5 c3 40.Be3 d5 41.Bc1  1/2-1/2

[Event "XXII Open"]
[Site "Reykjavik ISL"]
[Date "2006.03.11"]
[Round "6"]
[White "Baldursson,Hr"]
[Black "Bogza,A"]
[Result "0-1"]
[WhiteElo "2174"]
[BlackElo "2294"]

1.e4 g6 2.d4 Bg7 3.c4 d6 4.Nc3 Nf6 5.Nf3 O-O 6.Be2 Nbd7 7.O-O e5 8.d5 Nc5
9.Qc2 a5 10.h3 c6 11.Bg5 cxd5 12.Bxf6 Bxf6 13.Nxd5 Bg7 14.a3 a4 15.Rad1 Bd7
16.Nc3 Bc6 17.Rfe1 f5 18.Bd3 Qf6 19.Nd5 Bxd5 20.cxd5 Rac8 21.Rc1 Bh6 22.Rb1 Nxe4
23.Qd1 Nc5 24.Bb5 Ra8 25.Nd2 e4 26.Nc4 Nd3 27.Nb6 Qd4 28.Bxd3 Qxb6 29.Bc2 Qa5
30.b3 axb3 31.Rxb3 Rfc8 32.Re2 Rc7 33.Qb1 Qa6 34.Re1 Rac8 35.Bd1 Qa5 36.Rf1 Rc1
37.Qb2 Bg7 38.Qe2 R1c7 39.a4 Be5 40.Rb5 Qc3 41.Rb1 Qa3 42.Rb3 Qc5 43.Rb5 Qd4
44.Rb1 h5 45.Kh1 h4 46.Qe1 Qd3 47.Rb3 Qxd5 48.Rb5 Qd3 49.Bb3+ Kg7 50.Be6 Re8
51.Rb3 Bc3 52.Qb1 Rxe6 53.Rxb7 Ree7 54.Rxc7 Rxc7 55.Qc1 Qd2 56.Qb1 Be5  0-1

[Event "XXII Open"]
[Site "Reykjavik ISL"]
[Date "2006.03.12"]
[Round "7"]
[White "Mankeyev,Raua"]
[Black "Kjartansson,D"]
[Result "1-0"]
[WhiteElo "2381"]
[BlackElo "2260"]

1.d4 Nf6 2.c4 g6 3.Nc3 Bg7 4.e4 d6 5.Nf3 O-O 6.Be2 e5 7.Be3 Ng4 8.Bg5 f6
9.Bh4 Nh6 10.d5 Nf7 11.Nd2 c5 12.Bg4 Bxg4 13.Qxg4 a6 14.O-O b6 15.a3 Ra7
16.b4 Rc7 17.bxc5 Rxc5 18.Qe2 Qc7 19.Na4 Ra5 20.Nb2 Nd7 21.Nb3 Nc5 22.Nxa5 bxa5
23.Qc2 Rb8 24.Na4 h5 25.f3 Nb3 26.Rab1 Nd4 27.Rxb8+ Qxb8 28.Qd3 f5 29.Rb1 Qe8
30.Nc3 fxe4 31.Nxe4 Qc8 32.Be7  1-0

[Event "XXII Open"]
[Site "Reykjavik ISL"]
[Date "2006.03.14"]
[Round "9"]
[White "Bjarnason,S"]
[Black "Olafsson,D"]
[Result "1/2-1/2"]
[WhiteElo "2240"]
[BlackElo "2319"]

1.c4 Nf6 2.Nc3 g6 3.e4 d6 4.d4 Bg7 5.Nf3 O-O 6.Be2 e5 7.Be3 Nc6 8.O-O Bg4
9.d5 Ne7 10.Ne1 Bxe2 11.Qxe2 Nd7 12.Nd3 f5 13.f3 Nf6 14.c5 Qd7 15.Rac1 Rf7
16.b4 a6 17.a4 Raf8 18.b5 fxe4 19.fxe4 axb5 20.axb5 Ng4 21.Rxf7 Rxf7 22.b6 Nxe3
23.Qxe3 c6 24.cxd6 Qxd6 25.dxc6 Nxc6 26.Nb5 Qf6 27.Nc7 Nb4 28.Ne8 Qe7 29.Rc7 Qxe8
30.Nxb4 Qb5 31.Rxf7 Kxf7 32.Nd5 Bf8 33.Qf3+ Kg8 34.h3 Bc5+ 35.Kh2 Qb1 36.Kg3 Bxb6
37.Nf6+ Kg7 38.Ne8+ Kg8 39.Nf6+ Kg7 40.Ne8+ Kg8  1/2-1/2

[Event "XXII Open"]
[Site "Reykjavik ISL"]
[Date "2006.03.14"]
[Round "9"]
[White "Bjornsson,Sv"]
[Black "Schwartz,Y"]
[Result "0-1"]
[WhiteElo "2108"]
[BlackElo "2250"]

1.d4 Nf6 2.Nf3 g6 3.c4 Bg7 4.Nc3 O-O 5.e4 d6 6.Be2 Na6 7.O-O e5 8.Be3 Ng4
9.Bg5 Qe8 10.dxe5 dxe5 11.h3 h6 12.Bd2 Nf6 13.Be3 c6 14.a3 Nh5 15.Re1 Nf4
16.Bf1 Qe7 17.b4 Rd8 18.Qc1 Nd3 19.Bxd3 Rxd3 20.Qc2 Rd8 21.Rad1 Rxd1 22.Rxd1 Be6
23.c5 Nc7 24.Bc1 a5 25.Na4 axb4 26.axb4 Nb5 27.Bb2 Rd8 28.Rxd8+ Qxd8 29.Nb6 Nd4
30.Nxd4 exd4 31.Qd3 f5 32.Bc1 Kh7 33.Bd2 fxe4 34.Qxe4 Bf5 35.Qf3 Qg8 36.b5 Qa2
37.bxc6 Qxd2 38.cxb7 Qe1+ 39.Kh2 Be5+ 40.g3 Be4  0-1

[Event "Victor Ciocaltea Mem"]
[Site "Bucharest ROM"]
[Date "2006.03.16"]
[Round "9"]
[White "Shishkin,Va UKR"]
[Black "Carmaciu,L"]
[Result "1/2-1/2"]
[WhiteElo "2545"]
[BlackElo "2400"]

1.d4 Nf6 2.c4 g6 3.Nc3 Bg7 4.e4 d6 5.Be2 O-O 6.Nf3 e5 7.Be3 Ng4 8.Bg5 f6
9.Bh4 Nc6 10.dxe5 dxe5 11.Nd5 Nh6 12.h3 g5 13.Bg3 f5 14.exf5 Nxf5 15.Bh2 e4
16.Bxc7 exf3 17.Bxd8 fxe2 18.Qxe2 Nfd4 19.Qd1 Rxd8 20.O-O Be6 21.Re1 Bxd5
22.cxd5 Rxd5 23.Qh5 Ne5 24.Kh1 h6 25.Rad1 Rf8 26.Re4 Nec6 27.Re8 Rf5 28.Rxf8+ Rxf8
29.Rd2 Kh7 30.h4 gxh4 31.Qxh4 Re8 32.Rd1 Re2 33.Qf4 Kg8 34.g3 Kh7 35.Kg2 b5
36.Rd3 Re8 37.Re3 Rf8 38.Qe4+ Kh8 39.Rc3 Rf6 40.Qd5 a5 41.b3 Bf8 42.a4 b4
43.Rc4 Rd6 44.Qf7 Bg7 45.f4 Kh7 46.Qc7 Re6 47.Qd7 Re2+ 48.Kh3 Re7 49.Qd6 Re6
50.Qd5 Ne7 51.Qxa5 Re3 52.Rc5 Rxb3 53.Qd8 Nef5 54.Rxf5 Nxf5 55.Qc8 Nxg3 56.Qc4 Rc3
57.Qxb4 Nf5+ 58.Kh2 Kg6 59.Qe4 Re3 60.Qd5 Bd4 61.a5 Re7 62.a6 Be3 63.Qg8+ Kf6
64.Qf8+ Rf7 65.Qd8+ Kg7 66.Qb8 Re7 67.Kh3 h5 68.Qc8 Rf7 69.Qe6 Bd4 70.Qe4 Ba7
71.Qe5+ Kh7 72.Qe6 Nh6 73.Qe4+ Kg7 74.Qe5+ Kg6 75.Qe6+ Rf6 76.Qe8+ Rf7 77.Qe6+  1/2-1/2

[Event "2nd Bundesliga West 2005-6"]
[Site "Austria AUT"]
[Date "2006.03.17"]
[Round "9"]
[White "Webersberger,J"]
[Black "Eiler,G"]
[Result "1-0"]
[WhiteElo "2258"]
[BlackElo "2096"]

1.Nf3 Nf6 2.d4 g6 3.c4 Bg7 4.Nc3 d6 5.e4 O-O 6.Be2 e5 7.O-O Na6 8.Re1 Qe8
9.Bf1 Bg4 10.d5 Nb4 11.Qb3 a5 12.Nd2 Qe7 13.Rb1 Nh5 14.a3 Na6 15.Qc2 Bd7
16.b4 axb4 17.axb4 f5 18.exf5 gxf5 19.g3 Qf6 20.Bg2 Rae8 21.Ba3 Qh6 22.c5 e4
23.c6 bxc6 24.dxc6 Be6 25.Nf1 Nf6 26.b5 Nc5 27.Bxc5 dxc5 28.Na4 c4 29.Nc5 Bf7
30.Ne3 Re5 31.Na6 Re7 32.Nxf5  1-0

[Event "2nd Bundesliga West 2005-6"]
[Site "Austria AUT"]
[Date "2006.03.17"]
[Round "9"]
[White "Mira,H"]
[Black "Huber,Wo"]
[Result "1-0"]
[WhiteElo "2140"]
[BlackElo "2071"]

1.Nf3 Nf6 2.c4 g6 3.Nc3 Bg7 4.e4 d6 5.d4 O-O 6.Be2 e5 7.Be3 Nc6 8.d5 Ne7
9.Nd2 c6 10.O-O b5 11.dxc6 b4 12.Nd5 Nxc6 13.a3 bxa3 14.Rxa3 Nxd5 15.cxd5 Nd4
16.Bxd4 exd4 17.Ba6 Bd7 18.Nc4 Rb8 19.Re1 Qc7 20.Qd2 Bb5 21.Bxb5 Rxb5 22.b3 Rfb8
23.Qd3 Qc5 24.Rea1 h5 25.g3 Kh7 26.h4 R8b7 27.Kf1 Bf6 28.R1a2 Bd8 29.Rc2 Bf6
30.Rca2 Bd8 31.f4 a5 32.Nd2 Qc1+ 33.Ke2 Qg1 34.Rc2 Rc5 35.Rxc5 dxc5 36.d6 Rb4
37.Ra2 Kg7 38.Rc2 a4 39.bxa4 Ba5 40.Rxc5 Rb2 41.Rxa5 Qg2+ 42.Kd1 Qg1+ 43.Ke2 Qg2+
44.Ke1 Qg1+ 45.Nf1 Qf2+ 46.Kd1 Ra2 47.Rc5  1-0

[Event "2nd Bundesliga West 2005-6"]
[Site "Austria AUT"]
[Date "2006.03.18"]
[Round "10"]
[White "Heinritz,D"]
[Black "Endthaler,A"]
[Result "0-1"]
[WhiteElo "1899"]
[BlackElo "2056"]

1.d4 Nf6 2.Nf3 g6 3.c4 Bg7 4.Nc3 O-O 5.e4 d6 6.Be2 e5 7.dxe5 dxe5 8.Qxd8 Rxd8
9.Bg5 Re8 10.Nd5 Nxd5 11.cxd5 c6 12.dxc6 Nxc6 13.Bb5 Be6 14.O-O Rec8 15.a3 h6
16.Be3 Nd4 17.Nxd4 exd4 18.Bf4 Rc2 19.b4 Rd8 20.Ba4 d3 21.e5 Rc4 22.Bg3 Rc3
23.Rfc1 Rdc8 24.Rd1 a6 25.Rd2 R8c4 26.f4 g5 27.fxg5 hxg5 28.Bd1 Bh6 29.Rb2 g4
30.Be1 Rc1 31.Rbb1 Rxb1 32.Rxb1 d2  0-1

[Event "2nd Bundesliga Ost 2005-6"]
[Site "Austria AUT"]
[Date "2006.03.19"]
[Round "11"]
[White "Chytilek,R"]
[Black "Neumeier,K"]
[Result "0-1"]
[WhiteElo "2400"]
[BlackElo "2275"]

1.d4 Nf6 2.c4 g6 3.Nc3 Bg7 4.e4 d6 5.Nf3 O-O 6.Be2 e5 7.O-O Na6 8.Be3 Ng4
9.Bg5 Qe8 10.dxe5 dxe5 11.Nd2 h5 12.h3 Nh6 13.a3 c6 14.Nb3 f6 15.Be3 f5 16.Nc5 Nc7
17.Qd6 Ne6 18.Bxh6 Bxh6 19.Nxe6 Qxe6 20.Qxe6+ Bxe6 21.exf5 Bxf5 22.Rfd1 Rad8
23.Bf3 Rd4 24.c5 Bxh3 25.Bxh5 Bxg2 26.Kxg2 gxh5 27.f3 Rfd8 28.Rxd4 exd4 29.Ne4 d3
30.Kf2 Kf7 31.Rh1 Rd5 32.Nd6+ Ke6 33.Re1+ Kd7 34.Nxb7 d2 35.Rd1 Kc7 36.Nd6 Rxc5
37.Ne8+ Kd7 38.Nf6+ Ke6 39.Ne4 Rc1 40.Nc3 Rxd1 41.Nxd1 Bf4 42.Ke2 Kf5 43.Nf2 h4
44.b3 Bh6 45.Ng4 Bg5 46.Nf2 Ke5 47.Kd1 Kd4 48.b4 Bh6 49.Ke2 Kc3 50.Kd1 Be3
51.Ng4 h3  0-1

[Event "2nd Bundesliga Ost 2005-6"]
[Site "Austria AUT"]
[Date "2006.03.19"]
[Round "11"]
[White "Niederwieser,P"]
[Black "Kuthan,A"]
[Result "0-1"]
[WhiteElo "2172"]
[BlackElo "2220"]

1.d4 Nf6 2.c4 g6 3.Nc3 Bg7 4.e4 d6 5.Nf3 O-O 6.Be2 e5 7.O-O Na6 8.Be3 Ng4
9.Bg5 Qe8 10.dxe5 dxe5 11.h3 f6 12.Bd2 Nh6 13.c5 c6 14.b4 Nf7 15.Bxa6 bxa6
16.Qe2 f5 17.a4 f4 18.b5 g5 19.Nh2 Nd8 20.bxc6 Nxc6 21.Nd5 Qf7 22.Bc3 h5
23.f3 Be6 24.Rfd1 Nd4 25.Bxd4 exd4 26.Qxa6 Bxd5 27.exd5 Qxd5 28.Rac1 Rfc8
29.Qc4 Qxc4 30.Rxc4 Rc6 31.Nf1 Rac8 32.Rdc1 Bf8 33.Nd2 Rxc5 34.Kf1 Rxc4 35.Rxc4 Rxc4
36.Nxc4 Kf7 37.Ke2 Ke6 38.Kd3 Kd5 39.Nd2 Be7 40.Ne4 Bd8 41.Nd2 Kc5 42.Nb3+ Kb4
43.Nxd4 Kxa4 44.Nc6 Bb6 45.Nxa7 Bxa7 46.Ke4 Bf2 47.Kf5 Bh4 48.Ke4 Kb3 49.Kd3 Bg3
50.Ke2 Kc2 51.Kf1 Kd1 52.Kg1 Ke2 53.Kh1 Kf2 54.h4 Bxh4 55.Kh2 g4  0-1

[Event "2nd Bundesliga West 2005-6"]
[Site "Austria AUT"]
[Date "2006.03.19"]
[Round "11"]
[White "Mira,H"]
[Black "Maier,P"]
[Result "1/2-1/2"]
[WhiteElo "2140"]
[BlackElo "2178"]

1.Nf3 Nf6 2.c4 g6 3.Nc3 Bg7 4.e4 d6 5.d4 O-O 6.Be2 e5 7.Be3 Ng4 8.Bg5 f6
9.Bd2 h5 10.h3 Nh6 11.dxe5 dxe5 12.Be3 c6 13.Qb3 Qe7 14.c5+ Be6 15.Bc4 Bxc4
16.Qxc4+ Qf7 17.Qxf7+ Kxf7 18.O-O-O g5 19.Rd6 Re8 20.Rhd1 Na6 21.Rd7+ Re7
22.a3 Ke8 23.Rxe7+ Kxe7 24.Nd2 Rd8 25.Nc4 Rxd1+ 26.Kxd1 Nf7 27.f3 Nc7 28.g4 hxg4
29.hxg4 Ne6 30.b4 Kd7 31.Ne2 Bf8 32.Kd2 Be7 33.Kc3 Nf8 34.Ng3 Ng6 35.Nf5 Bf8
36.Bf2 Kc7 37.Kd2 Nf4 38.a4 Ne6 39.Kc3 Kd7 40.Be3 Kc7 41.a5 a6 42.Nd2 Kd7
43.Nf1 Nc7 44.N1g3 Nb5+ 45.Kd3 Ke6 46.Nh5 Nd8 47.Bc1 Kf7 48.Bb2 Ne6 49.Kc4 Nd8  1/2-1/2

[Event "TCh-HUN 2005-6"]
[Site "Hungary HUN"]
[Date "2006.03.19"]
[Round "9"]
[White "Werner,Di"]
[Black "Toth,An1"]
[Result "1-0"]
[WhiteElo "2372"]
[BlackElo "2439"]

1.d4 Nf6 2.Nf3 g6 3.c4 Bg7 4.Nc3 d6 5.e4 O-O 6.Be2 e5 7.Be3 Ng4 8.Bg5 f6
9.Bc1 Nc6 10.h3 exd4 11.Nxd4 Nh6 12.Be3 g5 13.c5 f5 14.exf5 Nxf5 15.Nxf5 Bxf5
16.cxd6 cxd6 17.O-O h6 18.Qb3+ Kh8 19.Rad1 Qd7 20.Rd2 Be5 21.Rfd1 Bxh3 22.Ne4 Be6
23.Qa4 Qc7 24.Nxd6 a6 25.Qa3 Rad8 26.Nc4 Bxc4 27.Bxc4 Kg7 28.Bd5 Ne7 29.Bb6 Bh2+
30.Kh1 Qe5 31.Bd4  1-0

[Event "ch-Moscow Prelim KO"]
[Site "Moscow RUS"]
[Date "2006.03.20"]
[Round "1.1"]
[White "Kachar,V"]
[Black "Inarkiev,E"]
[Result "1/2-1/2"]
[WhiteElo "2342"]
[BlackElo "2597"]

1.Nf3 Nf6 2.c4 g6 3.Nc3 Bg7 4.e4 d6 5.d4 O-O 6.Be2 e5 7.dxe5 dxe5 8.Qxd8 Rxd8
9.Bg5 Rf8 10.Nd5 Nxd5 11.cxd5 c6 12.Bc4 b5 13.Bb3 a5 14.a3 Bb7 15.Rc1 cxd5
16.Rc7 dxe4 17.Rxb7 exf3 18.Bd5 fxg2 19.Bxg2 e4 20.O-O Na6 21.Be7 Rfb8 22.Bxe4 Rxb7
23.Bxb7 Ra7 24.Rd1 h5 25.Rd8+ Kh7 26.Bxa6 Rxa6 27.b4 a4 28.Bc5 Be5 29.Rd7 Kg7
30.Rb7 Bb2 31.Rxb5 Bxa3 32.Bd4+ Kh7 33.Ra5 Rd6 34.Bc5 Rd3 35.Rxa4 g5 36.Be3 Bc1
37.Bxc1 Rd1+ 38.Kg2 Rxc1 39.Ra5 Kg6 40.Rd5 Rb1 41.b5 Rb3 42.h3 f6 43.Rc5 h4
44.Rd5 Kf7 45.Rc5 Ke6 46.Rc6+ Ke5 47.Rc5+ Ke4 48.Rc4+ Kf5 49.Rc5+ Kg6 50.Kh2 Rb4
51.Kg2 Kf7 52.Rc7+ Ke6 53.Rc6+ Ke5 54.Rc5+ Ke4 55.Rc6 f5 56.Rg6 Kf4 57.b6 g4
58.Rh6 Kg5 59.Rc6 g3 60.fxg3 Rb2+ 61.Kf3 Rb3+ 62.Kg2 Rxg3+ 63.Kh2 Rb3 64.Kg2 Rb2+
65.Kf3 Rh2 66.b7 Rxh3+ 67.Kg2 Rg3+ 68.Kh2 Rb3 69.Rc7 f4 70.Rf7 Kg4 71.Rg7+ Kf3
72.Rc7 Ke2 73.Re7+ Kf2 74.Rc7 f3 75.Re7 Rb2 76.Rc7 Kf1+ 77.Kh1 Kf2 78.Kh2 Kf1+
79.Kh1 f2 80.Re7 Rb1 81.Kh2 Rb3 82.Rc7 Rb2 83.Re7 Rb5 84.Rc7 Rb6 85.Re7 Rb2
86.Kh1 Rb4 87.Kh2 Rb5 88.Kh1 h3 89.Kh2 Rb2 90.Kh1 Rb3 91.Kh2 Rb6 92.Rc7 Rb3
93.Re7 Rb1 94.Rc7 Rb4 95.Re7 Rb2 96.Kh1 h2 97.Kxh2 Rb5 98.Rh7 Rb6 99.Kh1 Rb4
100.Kh2 Rb1 101.Re7 Rb2 102.Kh1 Rb4 103.Rh7 Rb3 104.Kh2 Rb6 105.Kh1 Rb5 106.Kh2 Rb3
107.Re7 Rb1 108.Kh1 Rb4 109.Rh7 Ke2 110.Re7+ Kf3 111.Rf7+ Kg3 112.Rg7+ Kh3
113.Rh7+ Kg3 114.Rg7+ Kh3  1/2-1/2

[Event "Open"]
[Site "Bad Woerishofen GER"]
[Date "2006.03.21"]
[Round "5"]
[White "Gohla,U"]
[Black "Heinig,Wo"]
[Result "0-1"]
[WhiteElo "2199"]
[BlackElo "2338"]

1.d4 Nf6 2.c4 g6 3.Nc3 Bg7 4.e4 d6 5.Nf3 O-O 6.Be2 Na6 7.O-O e5 8.Bg5 h6
9.Bh4 Qe8 10.d5 Nh5 11.Nd2 Nf4 12.a3 f5 13.f3 g5 14.Bf2 Qg6 15.b4 g4 16.fxg4 fxg4
17.c5 h5 18.Kh1 Bf6 19.cxd6 cxd6 20.Rc1 Bg5 21.Nb5 Bd7 22.Nc7 Nxc7 23.Rxc7 Rf7
24.Rc3 a6 25.Bg1 Raf8 26.Rf2 Qh6 27.Nf1 Nxe2 28.Qxe2 Bb5 29.Qe1 Rxf2 30.Bxf2 Bxf1
31.Qxf1 Be3 32.Rc2 Qf4 33.Kg1 Qxe4 34.Re2 Rxf2 35.Rxf2 Qxd5 36.Kh1 Bxf2  0-1

[Event "ch-ARG s/f"]
[Site "Buenos Aires ARG"]
[Date "2006.03.21"]
[Round "1"]
[White "Bielicki,C"]
[Black "Toniutti,E"]
[Result "1-0"]
[WhiteElo "2300"]
[BlackElo "2063"]

1.Nf3 Nf6 2.c4 g6 3.Nc3 Bg7 4.e4 d6 5.d4 O-O 6.Be2 Na6 7.O-O e5 8.Re1 Qe8
9.Bf1 Bg4 10.d5 Nb4 11.Be2 a5 12.Be3 Bd7 13.Nd2 h6 14.c5 c6 15.Nc4 cxd5 16.exd5 dxc5
17.Bxc5 Bf5 18.Rc1 Ne4 19.Nxe4 Bxe4 20.Nd6  1-0

[Event "ch-ARG s/f"]
[Site "Buenos Aires ARG"]
[Date "2006.03.23"]
[Round "3"]
[White "Bitelmajer,M"]
[Black "Rojo Lynch,E"]
[Result "1-0"]
[WhiteElo "2320"]
[BlackElo "1934"]

1.d4 Nf6 2.c4 g6 3.Nc3 Bg7 4.e4 d6 5.Nf3 O-O 6.Be2 Nbd7 7.O-O e5 8.Re1 c6
9.Bf1 Qe7 10.b3 Re8 11.Qc2 c5 12.dxc5 dxc5 13.Nd5 Qd6 14.Bb2 b6 15.Rad1 Qb8
16.b4 cxb4 17.Nxb4 Nc5 18.Rb1 Qd6 19.a4 Bg4 20.Nd2 Nfd7 21.a5  1-0

[Event "TCh-AUT 2005-6"]
[Site "Austria AUT"]
[Date "2006.03.24"]
[Round "9"]
[White "Kaspret,G"]
[Black "Karner,C"]
[Result "1/2-1/2"]
[WhiteElo "2295"]
[BlackElo "2338"]

1.c4 Nf6 2.Nc3 g6 3.e4 d6 4.d4 Bg7 5.Nf3 O-O 6.Be2 Na6 7.O-O e5 8.Be3 Qe8
9.dxe5 dxe5 10.h3 Nd7 11.a3 f5 12.b4 f4 13.Bc1 Nf6 14.c5 g5 15.Nd5 c6 16.Nxf6+ Bxf6
17.Nd2 Be6 18.Nc4 f3 19.gxf3 Bxh3 20.Nd6 Qe7 21.Re1 Kh8 22.Kh2 Be6 23.Rg1 g4
24.fxg4 Bh4 25.f3 Bf2 26.Rg3 Bxg3+ 27.Kxg3 Nb8 28.Qh1 Nd7 29.Qh5 Rg8 30.Bb2 Rg5
31.Qh6 Rg6 32.Qh5 Rg5 33.Qh6 Rg6 34.Qh5 Rg5 35.Qh4 a5 36.f4 Bxg4 37.Qxg5 Qxg5
38.fxg5 Bxe2 39.Nxb7 axb4 40.axb4 Rxa1 41.Bxa1 Kg7 42.Nd6 Kg6 43.Kh4 Bd3
44.Bb2 h6 45.gxh6 Kxh6 46.Kg4 Kg6 47.Kf3 Kf6 48.Ke3 Bf1 49.Nc8 Ke6 50.Na7 Nb8
51.Bc3 Bc4 52.Be1 Kd7 53.Bg3 Na6 54.Bxe5 Nxb4  1/2-1/2

[Event "TCh-AUT 2005-6"]
[Site "Austria AUT"]
[Date "2006.03.24"]
[Round "9"]
[White "Schmidlechner,A"]
[Black "Postl,A"]
[Result "1/2-1/2"]
[WhiteElo "2245"]
[BlackElo "2289"]

1.Nf3 Nf6 2.d4 g6 3.c4 Bg7 4.Nc3 O-O 5.e4 d6 6.Be2 e5 7.dxe5 dxe5 8.Qxd8 Rxd8
9.Bg5 Nbd7 10.Rd1 Rf8 11.O-O c6 12.Rd6 Re8 13.Rfd1 h6 14.Bh4 g5 15.Bg3 Bf8
16.R6d3 Bb4 17.Na4 Nc5 18.Nxc5 Bxc5 19.Bxe5 Nxe4 20.Bd4 Bf5 21.Kf1 a5 22.Re3 Bd6
23.Bb6 Bc5 24.Bxc5 Nxc5 25.Rxe8+ Rxe8 26.Ne1 Kf8 27.Nd3 Bxd3 28.Bxd3 Rd8
29.Ke2 Ke7 30.b3 Kf6 31.Ke3 Ke5 32.Be2 Rxd1 33.Bxd1 f5 34.g3 Ne6 35.a3 c5
36.Bf3 b6 37.Bd1 f4+ 38.Kd3 Nd4 39.g4 Nc6 40.f3 Ne7 41.Kc3 Ng6 42.Kd3 Ne7
43.Kc3 Nc6 44.a4 Ne7 45.Bc2 Ng8 46.Bh7 Nf6 47.Bg6 Nd7 48.Bf5 Nb8 49.Be4 Kf6
50.Kd3 Nd7 51.Bf5 Ne5+ 52.Ke4 Nc6 53.Kd3 Nd4 54.Be4 Nxb3 55.Kc3 Nd4 56.Kd3 Ne6
57.Bd5 Ng7 58.Ke4 Ne8 59.Kd3 Ke5 60.Kc3 Nf6 61.Bf7 Kd6 62.Bg6 Ke7 63.Bc2 h5
64.h3 h4 65.Bd1 Kd6 66.Kd3 Ke5 67.Kc3 Nd7 68.Kd3 Nb8 69.Kc3 Nc6 70.Kd3 Nb4+
71.Kc3 Kd6 72.Bb3 Nc6 73.Bd1 Ke5 74.Bc2 Ne7 75.Bd1 Nc8 76.Bc2 b5 77.axb5 Nb6
78.Bd1 a4 79.Bc2 a3 80.Bb3 Kd6 81.Kc2 Ke6 82.Kc3 Ke5 83.Ba2 Na4+ 84.Kb3 Nb6
85.Kc3 Na4+ 86.Kb3 Nb2 87.Kc2 Kd6 88.Bb3 Kc7 89.Kc3 Kb6 90.Ba2 Nd1+ 91.Kd2 Ne3
92.Kc3 Nf1 93.Kd3 Ka5 94.Ke2 Ne3 95.Kd3 Nd1 96.Kd2 Nb2 97.Kc3 Na4+ 98.Kb3 Nb6
99.Kxa3 Nd7 100.Bb1 Ne5 101.Kb3 Nxf3 102.Kc3 Ne5 103.Bd3 Kb6 104.Bf1 Kc7
105.Kd2 Kd6 106.Ke1 Nd7 107.Kd2 Ke5 108.Kd3 Nb6 109.Bg2 f3 110.Bxf3 Kf4 111.Bg2 Kg3
112.Bf1 Kf2 113.Be2 Nd7  1/2-1/2